Harry Styles - Chansons de l'album Harry's House - Statistiques

Statistiques générales
  • Ce quiz a été pris 32 fois
  • Le résultat moyen est 11 sur 13
Statistiques - réponses
Hint Réponse % Correct
Harry's House 4 As It Was
96%
Harry's House2 12 Boyfriends
93%
Harry's House 7 Matilda
93%
Harry's House 1 Music for a Sushi Restaurant
93%
Harry's House2 11 Satellite
89%
Harry's House 2 Late Night Talking
86%
Harry's House2 8 Cinema
79%
Harry's House 5 Daylight
79%
Harry's House2 9 Daydreaming
75%
Harry's House 6 Little Freak
75%
Harry's House2 10 Keep Driving
71%
Harry's House2 13 Love of My Life
71%
Harry's House 3 Grapejuice
68%
Aucun quiz correspondant
Distribution des résultats
% des personnes avec chaque résultat
Percentile par nombre de réponses
Votre historique - résultats
Vous n’avez pas pris ce quiz